| 000 | 00714 a2200205 4500 | ||
|---|---|---|---|
| 005 | 20260218154426.0 | ||
| 008 | 260218b |||||||| |||| 00| 0 eng d | ||
| 020 |
_a9789360863562 _cरु 595.00 |
||
| 040 | _aMAIN | ||
| 082 |
_a891.433731 _bSA28J |
||
| 100 | _aसंजीव | ||
| 110 | _a | ||
| 245 | _aज्योति कलश : 'जय हो 'जग मे जले जहाँ भी, नमन पुनीत अन्त को | ||
| 250 | _aLatest edition | ||
| 260 |
_bराजकमल प्रकाश _c2025 _aनई दिल्ली |
||
| 300 | _a127 | ||
| 650 | _aहिन्दी साहित्य | ||
| 651 | _aहिन्दी उपन्यास | ||
| 942 | _cHN | ||
| 999 |
_c393982 _d393982 |
||